| 000 | 00738nam a22002297a 4500 | ||
|---|---|---|---|
| 999 |
_c15925 _d15926 |
||
| 003 | MIRAKIL | ||
| 005 | 20240429120758.0 | ||
| 008 | 240424b tu ||||| |||| 00| 0 tur d | ||
| 020 | _a9786059916448 | ||
| 040 |
_aTR-AnCHP _cTR-AnCHP |
||
| 041 | _atur | ||
| 082 |
_a297.04 _bM92m 2017 |
||
| 100 | _aMüftüoğlu, Rıza | ||
| 245 | 1 | 0 |
_aMadalyonun iki yüzü : _bdoğru insan, adil devlet/ _cRıza Müftüoğlu. |
| 260 |
_aİstanbul: _bKariyer Developer, _c2017. |
||
| 300 |
_a224 s. ; _c23 cm. |
||
| 490 | 0 |
_aKariyer yayınları ; _v243. |
|
| 490 | 0 |
_aAraştırma-inceleme ; _v45. |
|
| 650 | 0 |
_98010 _aDini denemeler |
|
| 856 | _zDijital Nüshası için Partimizin Kütüphane Sorumlusu ile iletişime geçiniz. | ||
| 942 |
_2ddc _cBKS |
||